NLSUI OPAC header image

The Narcotic drugs and psychotropic substances act, 1985 / (Record no. 41699)

MARC details
000 -LEADER
fixed length control field 02076nam a2200229Ia 4500
003 - CONTROL NUMBER IDENTIFIER
control field OSt
005 - DATE AND TIME OF LATEST TRANSACTION
control field 20251222102541.0
008 - FIXED-LENGTH DATA ELEMENTS--GENERAL INFORMATION
fixed length control field 160316s2017 xxu||||| |||| 00| 0 eng d
020 ## - INTERNATIONAL STANDARD BOOK NUMBER
International Standard Book Number 9789384310349
040 ## - CATALOGING SOURCE
Transcribing agency pb
082 ## - DEWEY DECIMAL CLASSIFICATION NUMBER
Classification number 344.042330
Item number NAR
100 ## - MAIN ENTRY--PERSONAL NAME
Personal name
245 ## - TITLE STATEMENT
Title The Narcotic drugs and psychotropic substances act, 1985 /
260 ## - PUBLICATION, DISTRIBUTION, ETC.
Place of publication, distribution, etc. Delhi :
Name of publisher, distributor, etc. Universal Law Publishing,
Date of publication, distribution, etc. 2017.
300 ## - PHYSICAL DESCRIPTION
Extent 211 p.
365 ## - TRADE PRICE
Price amount Rs. 190
505 ## - Contents
Contents Contents: <br/>Preliminary ; Authorities and Officers ; National Fund for Control of Drug Abuse ; Prohibition; Control and Regulation ; Offences and Penalties ; Procedure ; Forfeiture of Illegally Acquired Property ; Miscellaneous ; Narcotic Drugs and Psychotropic Substances Rules, 1985 ; Preliminary ; Powers of Officers ; Opium Poppy Cultivation and Production of Opium and Poppy Straw ; Manufacture; Sale and Export of Opium ; Manufactured Drugs ; Possession; Transport; Import Inter-State; Export Inter-State; Sale; Purchase; Consumption and Use of ; Essential Narcotics Drugs ; Special Provisions Relating to Recognised Medical Institution ; Import; Export and Transhipment of Narcotic Drugs and Psychotropic Substances ; Psychotropic Substances ; Special Provisions Regarding Manufacture; Possession; Transport; Import; Export; Purchase and Consumption of Narcotic Drugs and Psychotropic Substances for Medical; Scientific and Training Purposes ; Report; returns and Estimates under International Conventions ; Miscellaneous ; Narcotic Drugs and Psychotropic Substances (National Fund for Control of Drug Abuse) Rules, 2006 ; Appellate Tribunal for Forfeited Property (Procedure) Rules, 1989 ; Appellate Tribunal for Forfeited Property (Conditions of Service of Chairman and Members) Rules, 1989 ; Narcotic Drugs and Psychotropic Substances (Authentication of Documents) Rules, 1992 ; Narcotic Drugs and Psychotropic Substances (Execution of Bond by Convicts or Addicts) Rules, 1985<br/>
650 ## - SUBJECT ADDED ENTRY--TOPICAL TERM
Topical term or geographic name entry element Narcotic Drugs - Psychotropic Substances Act
650 ## - SUBJECT ADDED ENTRY--TOPICAL TERM
Topical term or geographic name entry element Narcotic Drugs
700 ## - ADDED ENTRY--PERSONAL NAME
Personal name
--
942 ## - ADDED ENTRY ELEMENTS (KOHA)
Source of classification or shelving scheme Dewey Decimal Classification
Koha item type BOOKs
Holdings
Withdrawn status Lost status Damaged status Not for loan Home library Current library Shelving location Date acquired Cost, normal purchase price Total Checkouts Full call number Barcode Date last seen Price effective from Koha item type
        NLS NLS Library Compactors 30/05/2017 190.00   344.04233 NAR 35029 30/05/2017 30/05/2017 BOOKs